| 000 | 00449cam a2200181ua 4500 | ||
|---|---|---|---|
| 001 | 2135 | ||
| 008 | 110805n ii |||gr||||Z||||||eng | ||
| 040 | _cMAIN | ||
| 082 | _a370.1 | ||
| 100 |
_aDas, Lakshahira, _eAuthor. |
||
| 245 | 1 |
_aElements of education _cby Lakshahira Das |
|
| 250 | _a7th. | ||
| 260 |
_aGuahati: _bPremier Publishers,969. |
||
| 300 |
_a102p: _bill;9cm. |
||
| 653 | _aEducation | ||
| 653 | _aElements of education | ||
| 942 | _cBK | ||
| 999 |
_c2003 _d2003 |
||